000 00552nam a22001937a 4500
003 KOHA_MİRAKIL
005 20251116163014.0
008 251116b tu ||||| |||| 00| 0 tur d
020 _a9786258159790
040 _aTR-AnABB
_btur
_cTR-AnABB
041 _atur
082 _a899.96
_bTUR 2022
100 1 _aTuraşvili, Dato,
245 1 0 _aBlucin devrinin çocukları /
_cDato Turaşvili
260 _aİstanbul :
_bKetebe Yayınları,
_c2022
300 _a157 sayfa ;
_c21 cm
650 0 4 _aGürcistan edebiyatı, roman
942 _2ddc
_cBK
999 _c9453
_d9453
900 _bGizem YORULMAZ